| 000 | 00546nam a2200205Ia 4500 | ||
|---|---|---|---|
| 005 | 20230318102753.0 | ||
| 008 | 131103s9999 xx 000 0 und d | ||
| 040 | _aLoreto College | ||
| 041 | _aEnglish | ||
| 082 |
_a822.308 _bHOL |
||
| 100 | _aHolzkenecht, Karl J. | ||
| 245 |
_aOutlines of Tudor and Stuart plays _b 1497-1642 _cKarl J. Holzkenecht |
||
| 260 |
_aNew York _bBarnes _c1961 |
||
| 300 | _axiv,442 p. | ||
| 504 | _aIncludes index | ||
| 650 | _aEnglish Drama | ||
| 651 | _a1497-1642 - Plays | ||
| 850 | _aLCLIB | ||
| 942 | _cBK | ||
| 999 |
_c6735 _d57214 |
||